Pokédex Myrtille - Statistiques

Statistiques générales
  • Ce quiz a été pris 57 fois
  • Le résultat moyen est 205 sur 243
Statistiques - réponses
Numéro Pokémon % Correct
181 Aligatueur
100%
217 Amphinobi
100%
220 Archéduc
100%
182 Arcko
100%
234 Arrozard
100%
228 Badabouin
100%
211 Blindépique
100%
210 Boguérisse
100%
192 Boskara
100%
187 Braségali
100%
218 Brindibou
100%
164 Bulbizarre
100%
171 Carabaffe
100%
170 Carapuce
100%
195 Chimpenfeu
100%
020 Cizayox
100%
208 Clamiral
100%
216 Croâporal
100%
180 Crocrodil
100%
002 Dodrio
100%
001 Doduo
100%
169 Dracaufeu
100%
161 Duralugon
100%
219 Efflèche
100%
012 Élekable
100%
010 Élekid
100%
011 Élektek
100%
223 Félinferno
100%
212 Feunnec
100%
177 Feurisson
100%
230 Flambino
100%
221 Flamiaou
100%
189 Flobio
100%
166 Florizarre
100%
186 Galifeu
100%
173 Germignon
100%
188 Gobou
100%
229 Gorythmic
100%
214 Goupelin
100%
215 Grenousse
100%
204 Grotichon
100%
203 Gruikui
100%
039 Haydaim
100%
165 Herbizarre
100%
176 Héricendre
100%
053 Hypocéan
100%
054 Hyporoi
100%
052 Hypotrempe
100%
019 Insécateur
100%
184 Jungko
100%
179 Kaiminus
100%
044 Kraknoix
100%
190 Laggron
100%
231 Lapyro
100%
233 Larméléon
100%
018 Leuphorie
100%
017 Leveinard
100%
235 Lézargus
100%
201 Lianaja
100%
046 Libégon
100%
145 Lokhlass
100%
174 Macronium
100%
015 Maganon
100%
013 Magby
100%
014 Magmar
100%
202 Majaspic
100%
209 Marisson
100%
183 Massko
100%
207 Mateloutre
100%
222 Matoufeu
100%
175 Méganium
100%
206 Moustillon
100%
133 Mygavolt
100%
004 Noadkoko
100%
003 Noeunoeuf
100%
226 Oratoria
100%
224 Otaquin
100%
225 Otarlette
100%
227 Ouistempo
100%
194 Ouisticram
100%
199 Pingoléon
100%
162 Pondralugon
100%
185 Poussifeu
100%
198 Prinplouf
100%
016 Ptiravi
100%
232 Pyrobut
100%
168 Reptincel
100%
205 Roitiflam
100%
213 Roussil
100%
167 Salamèche
100%
196 Simiabraz
100%
132 Statitik
100%
022 Tauros
100%
197 Tiplouf
100%
172 Tortank
100%
193 Torterra
100%
191 Tortipouss
100%
178 Typhlosion
100%
242 Vert-de-Fer
100%
045 Vibraninf
100%
200 Vipélierre
100%
038 Vivaldaim
100%
113 Airmure
90%
134 Anchwatt
90%
049 Bazoucan
90%
238 Chef-de-Fer
90%
056 Doudouvet
90%
057 Farfaduvet
90%
158 Feunard d'Alola
90%
157 Goupix d'Alola
90%
097 Gravalanch d'Alola
90%
098 Grolem d'Alola
90%
021 Hachécateur
90%
036 Hélionceau
90%
237 Ire-Foudre
90%
135 Lampéroie
90%
139 Métalosse
90%
138 Métang
90%
100 Minotaupe
90%
120 Négapi
90%
037 Némélios
90%
136 Ohmassacre
90%
047 Picassaut
90%
048 Piclairon
90%
119 Posipi
90%
096 Racaillou d'Alola
90%
099 Rototaupe
90%
155 Sabelette d'Alola
90%
156 Sablaireau d'Alola
90%
241 Serpente-Eau
90%
050 Tentacool
90%
051 Tentacruel
90%
240 Terapagos
90%
137 Terhal
90%
009 Aéromite
80%
126 Camérupt
80%
125 Chamallot
80%
029 Crocorible
80%
083 Écayon
80%
028 Escroco
80%
236 Feu-Perçant
80%
076 Flagadoss de Galar
80%
032 Furaiglon
80%
152 Granbull
80%
033 Gueriaigle
80%
084 Luminéon
80%
116 Magnéti
80%
117 Magnéton
80%
118 Magnézone
80%
027 Mascaïman
80%
149 Méios
80%
102 Mesmérella
80%
008 Mimitoss
80%
148 Nucléos
80%
163 Pomdorochi
80%
146 Qwilfish de Hisui
80%
147 Qwilpik
80%
075 Ramoloss de Galar
80%
007 Rhinastoc
80%
005 Rhinocorne
80%
006 Rhinoféros
80%
239 Roc-de-Fer
80%
077 Roigada de Galar
80%
101 Scrutella
80%
080 Sepiatop
80%
081 Sepiatroce
80%
103 Siderélla
80%
151 Snubbull
80%
150 Symbios
80%
035 Vaututrice
80%
034 Vostourno
80%
023 Zébibron
80%
024 Zéblitz
80%
088 Braisillon
70%
043 Charmilly
70%
140 Coupenotte
70%
042 Crèmy
70%
092 Débugant
70%
026 Farigiraf
70%
089 Flambusard
70%
025 Girafarig
70%
124 Golemastoc
70%
123 Gringolem
70%
069 Grotadmorv d'Alola
70%
141 Incisache
70%
065 Joliflor
70%
095 Kapoera
70%
093 Kicklee
70%
144 Lamantine
70%
062 Mystherbe
70%
063 Ortide
70%
143 Otaria
70%
087 Passerouge
70%
243 Pêchaminus
70%
074 Plumeline
70%
154 Polagriffe
70%
153 Polarhume
70%
129 Porygon
70%
130 Porygon 2
70%
131 Porygon-Z
70%
064 Rafflesia
70%
068 Tadmorv d'Alola
70%
066 Taupiqueur d'Alola
70%
142 Tranchodon
70%
067 Triopikeur d'Alola
70%
094 Tygnon
70%
110 Bastiodon
60%
108 Charkos
60%
086 Chartor
60%
111 Chinchidou
60%
055 Denticrisse
60%
109 Dinoclier
60%
058 Guérilande
60%
107 Kranidos
60%
079 Lanturn
60%
078 Loupio
60%
070 Mangriff
60%
105 Mistigrix
60%
061 Monaflèmit
60%
041 Motisma
60%
059 Parecool
60%
112 Pashmilla
60%
104 Psystigri
60%
071 Séviper
60%
060 Vigoroth
60%
115 Altaria
50%
090 Araqua
50%
122 Baggaïd
50%
121 Baggiguane
50%
031 Bérasca
50%
160 Blizzaroi
50%
159 Blizzi
50%
030 Léboulérou
50%
082 Lovdisc
50%
085 Mamanbo
50%
106 Météno
50%
040 Queulorior
50%
091 Tarenbulle
50%
114 Tylton
50%
072 Crabagarre
40%
073 Crabominable
40%
128 Polthégeist
20%
127 Théffroi
20%
Aucun quiz correspondant
Distribution des résultats
% des personnes avec chaque résultat
Percentile par nombre de réponses
Votre historique - résultats
Vous n’avez pas pris ce quiz